000 00820nam a22002897a 4500
003 UA-OsUOA
001 26881
007 ta
008 20040610b un ||||| |||| 00| 0 ukr d
100 _aБутинець Ф.Ф.
700 _aБардаш С.В
700 _aМалюга Н.М.
700 _aПетренко Н.І.
090 _a657.6(075.8)
_bБ24
942 _cBK
040 _aUA-OsUOA
_bukr
_cUA-OsUOA
_dUA-OsUOA
245 _aКонтроль і ревізія
_bПідручник для студентів вузів спеціальності 7.050106 "Облік і аудит"
300 _a512 с.
955 _a0
041 _aukr
080 _a657.6(075.8)
020 _a966-7570-44-4
260 _aЖитомир
_bЖІТІ
_c2000
044 _aUA
650 7 _2UDC
999 _c313217
_d313217